000 01205nam0a2200325 4500
001 RU\NLR\bibl\1203664
005 20250615102603.0
010 _a978-5-9524-3346-5
021 _aRU
_b2008-29267
_91616
035 _a(NLR Aleph) 001190150
090 _a1712183
_c1712183
100 _a20080122d2008 |||y0rusy50 ca
101 0 _arus
102 _aRU
105 _aa |||||||||
200 1 _aПуть солдата
_eс боями от Кубани до Днепра, 1942-1944
_fСергей Дробязко
210 _aМосква
_cЦентрполиграф
_d2008 (печ. 2007)
215 _a253, [2] с., [8] л. ил., портр.
_d21
225 1 _aНа линии фронта. Правда о войне
606 1 _aВеликая Отечественная война
_jВоспоминания, записки и т.п.
_z1941 - 1945
_9903571
_3RU\NLR\auth\668893
686 _aТ3(2)722,013
686 _aЦ35(2)722,013
700 1 _aДробязко
_bС. Г.
_gСергей Григорьевич
_4070
801 0 _aRU
_bNLR
_c20080122
_gRCR
801 1 _aRU
_bNLR
_c20080122
830 _aавт. по кн.
942 _cBOOK
980 _aNB